LEADER 01470nam a2200313 u 4500 001 000000015321 003 CaOOAMICUS 005 20070226105851.0 008 940517s1958 fr u000 u fre u 035 $a10358480 040 $aPUL(R)$bita$dIAR 100 1 $aBrisson, Jean-Paul.$0(OLS)http://pul/name/3125 245 10$aAutonomisme et christianisme dans l'Afrique Romaine :$bde Septime Sévère à l'invansion vandale /$cpar Jean-Paul Brisson. 260 $aParis :$bBoccard,$c1958. 300 $aii, 456 p. ;$c25 cm 500 $aComprende indici. 502 $aThèse (doctorat) -- Université de Paris. Faculté des Lettres. 504 $aBibliografia: p. 414-426. 650 04$aDonatisti.$0(OLS)http://pul/subject/820 651 4$aAfrica settentrionale$xStoria ecclesiastica$yEvo antico.$0(OLS)http://pul/subject/7977 850 $aPUL 852 $aPUL$W1$xDP1 Fondo Maccarrone$y58$m1505 G 4$j21444$nBK-PRI$b $qFondi$B21444$CPULBib$Z2$F21444 $H $81 852 $aPUL$W1$xSL Filosofia 1$y2$m108 C 28$j21445$nBK-PRI$b $qStampati$B21445$CPULBib$Z2$F21445 $H $81 941 1 $a8 941 1 $a1 961 $aINV: 01638 -- Fondo Mons. M. Maccarrone 961 $aINV: 23243 996 $6245$aAutonomisme et christianisme dans l'Afrique Romaine :$bde Septime Sévère à l'invansion vandale$9(OLS)http://pul/title/21979 996 $6260$aParis :$bBoccard$9(OLS)http://pul/publisher/51467 LEADER 01463nam a2200325 a 4500 001 000000171508 003 CaOOAMICUS 005 20190218144531.0 008 190218s2018 it 001 0 ita r 020 $a978-88-3285-048-2* 032 $aLibriCat 040 $aPUL$bita 041 1 $aita$heng 100 1 $aJurist, Elliott L.$0(OLS)http://pul/name/110142 240 10$aMinding emotions: cultivating mentalization in psycotherapy.$bitaliano.$0(OLS)http://pul/title/212314 245 10$aTenere a mente le emozioni:$bla mentalizzazione in psicoterapia /$cElliot L. Jurist. 260 $aMilano :$bRaffaello Cortina,$c©2018. 300 $a254 p.;$c23 cm 490 1 $aCollana di psicologia clinica e psicoterapia ;$v306 504 $aInclude riferimenti bibliografici ed indice. 650 4$aPsicologia$xTeorie.$0(OLS)http://pul/subject/10278 650 4$aPsicoterapia.$0(OLS)http://pul/subject/7249 830 0$aCollana di psicologia clinica e psicoterapia ;$v306.$0(OLS)http://pul/title/12189 850 $aPUL 852 $aPUL$W1$xSL Filosofia 1$y2$m97 S 306$j195223$qStampati$B200115$CPULBib$Z2$F200115 $H132262 $82 941 1 $a8 996 $6020$a978-88-3285-048-2*$9(OLS)http://pul/number/165749 996 $6245$aTenere a mente le emozioni:$bla mentalizzazione in psicoterapia$9(OLS)http://pul/title/212315 996 $6260$aMilano :$bRaffaello Cortina$9(OLS)http://pul/publisher/63509